000 00752nam a2200265Ia 4500
005 20260121161403.0
008 008 260114s9999 xx 000 0 eng d
020 _a9781003335580
037 _aEBOOK
040 _aCRL
040 _beng
040 _cCRL
041 _2eng
041 _aeng
084 _qCRL
100 _aNanostructured Magnetic Materials
_91043954
245 0 _aSathish-Kumar Kamaraj; Arun Thirumurugan; Sebastián Díaz de la Torre; Suresh Kannan Balasingam; Shanmuga Sundar Dhanabalan
260 _bTaylor and Francis
260 _c2024
650 _aMaterials Science
_91043955
856 _uhttp://www.taylorfrancis.com/books/9781003335580
942 _cEBOOK
999 _c1610383
_d1610383